000 00541nam a2200205Ia 4500
005 20250326143242.0
008 250326s9999 xx 000 0 und d
020 _a0-07-463656-1
037 _aTextbook
040 _aFMSL
_beng
_cFMSL
041 _aeng
_2eng
084 _aX:8C P0;1
_qFMSL
100 _aKhan M Y
245 0 _aManagement accounting
_cKhan M Y; Jain P K
250 _a3
260 _aNew Delhi
_bNew Delhi, Tata McGraw Hill
_c2000
300 _aV
942 _cTB
_hX:8C P0;1
999 _c1298782
_d1298782